| 000 | 00892nam a2200289 a 4500 | ||
|---|---|---|---|
| 003 | AR-BaBNM | ||
| 005 | 20251128204903.0 | ||
| 008 | 082120s2002 ||||||||||||||000 | spa|| | ||
| 020 | _a84-7133-633-2 | ||
| 040 | _cAR-BaBNM | ||
| 100 | 1 | _aMendoza Fillola, Antonio | |
| 245 | 0 | 0 |
_aLiteratura comparada e intertextualidad _buna propuesta para la innovación curricular de la literatura : educación secundaria |
| 260 |
_aMadrid _bLa Muralla _c1994 |
||
| 300 | _a207 p. | ||
| 490 | 0 | _aAula abierta | |
| 504 | _aContiene bibliografía | ||
| 650 | 4 | _aPLAN DE ESTUDIOS DE SECUNDARIA | |
| 650 | 4 | _aAPRECIACION LITERARIA | |
| 650 | 4 | _aACTIVIDADES DISCURSIVAS | |
| 650 | 4 | _aACTIVIDADES DE APRENDIZAJE | |
| 651 | 4 | _aEspaña | |
| 653 | _aENSEÑANZA DE LA LITERATURA | ||
| 653 | _aEDUCACION SECUNDARIA | ||
| 800 | 1 |
_aCasanova, María Antonia _edirector |
|
| 942 | _cBK | ||
| 998 | _cLAURA | ||
| 999 |
_c9200 _d9200 |
||